00984 2200337 4500001002100000005001500021035002000036007000300056040001600059100003300075245008200108250001300190300004200203504002900245020001800274041000800292082001000300090002200310264003700332336002100369337003000390338002300420650002900443850001000472008004100482500003300523700003600556990001500592990001500607990002400622INLIS00000000000445120260525120329 a0010-0122000083ta aSPBUPDbind0 aSudarsono BlasiusePengarang1 aAntologi Kepustakawanan Indonesia /cSudarsono Blasius ; Editor, Joko Santoso a.-Cet. 1 axiii,457 hal. :billus. ;c15 x 21 cm abibliografi, hlm 433-440 a979-8038-16-9 aind a023.3 a006.7 SUY m L1-13 a.--Jakarta :bSagung Seto,c2006 2rdacontentaTeks 2rdamediaaTanpa Perantara 2rdacarrieravolume 4aKepustakawanan Indonesia aPUPAD260525 0  aProfile Penulis, hlm 441-442 aEditor, Joko SantosoePengarang a160/B/2013 a159/B/2013 a6836/ARPUS/PDG/2007